00495nam a22001937a 450000500170000001000130001702000110003003500130004103700160005404000120007008200130008210000190009524500510011426000290016527000470019430000200024165000140026165000260027520170124105930.0 aB-045180 c250.00 aB-045180 bCen Lib/Ret aDPLbEN a330bPRA aPrashant Kumar aUGC-NET/SLET :cby Prashant Kumarbeconomics / aGurgaonbCosmos Bookhive a831, Phase-V, Udyog NagarbGurgaone122016 a133p.c23cm(Hb) aEconomics aCompetetive exam book